[Event "GER Cup Teams 2019"]
[Site "Wolfhagen"]
[Date "2019.03.17"]
[Round "2.1"]
[White "Quast, Michael"]
[Black "Riazantsev, Alexander"]
[Result "0-1"]
[WhiteElo "2308"]
[BlackElo "2649"]
[Annotator "TA"]
[PlyCount "78"]
[EventDate "2019.03.16"]
[EventType "team-tourn"]
[EventCountry "GER"]
[SourceTitle "playchess.com"]
[Source "ChessBase"]
[SourceQuality "1"]
[WhiteTeam "Regensburg"]
[BlackTeam "Wolfhagen"]

{[%evp 10,78,13,13,26,24,24,25,29,29,38,24,30,30,35,7,10,8,21,9,11,0,0,0,0,0,0,0,55,52,62,0,10,11,17,0,0,3,19,0,27,13,4,16,0,0,0,0,0,0,0,0,0,0,-20,-14,-14,-29,-31,-29,-16,-56,-41,-278,-232,-574,-572,-1455,-1211,-1154,-1152]} 1. d4 Nf6 2. Bf4 d5 3. e3 c5 4. c3 Nc6 5. Nf3 cxd4 6. exd4 a6 {B13: Caro-Kann: Exchange Variation and Panov-Botvinnik Attack} 7. Bd3 Bg4 8. Nbd2 e6 {White has an edge.} 9. Qb3 Na5 10. Qc2 Bh5 11. O-O $146 ({Predecessor:} 11. Ne5 Bg6 12. h4 Bd6 {0-1 (42) Berkes,F (2670)-Laznicka,V (2638) Paks 2010}) 11... Bg6 12. Rfe1 Bxd3 13. Qxd3 Be7 14. Ne5 Nh5 15. Qf3 (15. Bg3 {feels hotter.} Rc8 16. Qf3 Nf6 17. Rad1 O-O 18. Bh4) 15... Nxf4 16. Qxf4 {[%csl Ge5][%cal Rf4f7] [#]} O-O 17. Qg4 Bd6 18. f4 Qc7 (18... Nc6 $11) 19. Re3 $1 $14 b5 20. Rae1 (20. Rh3 $14) 20... b4 21. Rg3 {[%csl Gg3][%cal Rg4g7] [#]} f5 $1 {[%cal Rf5g4]} 22. Qh5 bxc3 23. bxc3 Rf6 24. Ndf3 Rb8 25. Qh4 {Qxf6 is the strong threat.} Rbf8 26. Ng5 {[%csl Gg5][%cal Rh4h7]} h6 27. Ngf3 Nc4 28. Ng6 Rb8 29. Nge5 {Threatens to win with Qxf6.} Rbf8 30. Ng6 Rb8 31. Nge5 {Black must now prevent Qxf6.} Be7 32. Qh5 Nd6 33. Rg6 Rxg6 34. Qxg6 Bf6 35. g4 Qxc3 {Strongly threatening ...Rb2.} 36. gxf5 $2 (36. g5 $1 $15 hxg5 37. fxg5 Bxe5 38. dxe5) 36... exf5 37. Qg3 $2 (37. Rf1 {is more resistant.}) 37... Ne4 $19 {Black is clearly winning.} 38. Qg2 Bxe5 39. fxe5 Rb2 {Accuracy: White = 37%, Black = 63%.} 0-1

[Event "GER Cup Teams 2019"]
[Site "Wolfhagen"]
[Date "2019.03.17"]
[Round "2.2"]
[White "Onischuk, Vladimir"]
[Black "Schmid, Roland"]
[Result "1-0"]
[WhiteElo "2626"]
[BlackElo "2282"]
[Annotator "TA"]
[PlyCount "89"]
[EventDate "2019.03.16"]
[EventType "team-tourn"]
[EventCountry "GER"]
[SourceTitle "playchess.com"]
[Source "ChessBase"]
[SourceQuality "1"]
[WhiteTeam "Wolfhagen"]
[BlackTeam "Regensburg"]

{[%evp 14,89,37,21,39,21,43,41,52,31,59,52,52,45,56,52,104,94,100,101,91,70,136,43,118,130,164,156,156,155,158,150,161,162,193,201,199,202,255,253,266,262,280,288,277,269,297,293,356,341,462,456,426,393,385,363,535,535,645,633,688,625,1065,1065,991,912,1583,1518,1381,1121,5218,2461,12685,5281,5081,4702,29983,29984]} 1. e4 d6 2. d4 Nf6 3. Nc3 e5 4. Nf3 exd4 5. Nxd4 Be7 6. g3 O-O 7. Bg2 {C41: Philidor Defence} Nc6 (7... Re8 8. O-O Bf8 9. h3 Nc6 10. Re1 Bd7 11. Be3 Ne5 12. b3 h6 13. Qd2 c6 14. a4 Qc7 {0-1 (66) Amin,B (2710)-Kazhgaleyev,M (2587) St Petersburg 2018}) 8. Nde2 {LiveBook: 31 Games} Rb8 9. a4 {White is slightly better.} b6 $146 ({Predecessor:} 9... a6 10. a5 Nb4 11. O-O c5 12. h3 Nc6 13. f4 Nxa5 14. e5 {0-1 (41) Kornev,A (2567)-Kabanov,N (2499) Voronezh 2007}) 10. O-O a6 11. h3 b5 12. axb5 axb5 13. f4 {[%cal Bf2f4,Bf4f5][%mdl 32]} Bd7 14. g4 b4 ({Black should play} 14... h6 $14) 15. Nd5 $16 Qc8 16. Nxe7+ Nxe7 17. f5 Bc6 {[#]} (17... Bb5 $14) 18. Bg5 (18. g5 $1 $16 {[%cal Rg5f6]} Nxe4 19. Nd4) 18... Qb7 ({Better is} 18... Bb5 $14) 19. Ng3 Kh8 20. Bxf6 gxf6 21. Qd4 Qb6 22. Qxb6 Rxb6 23. Nh5 Ng8 24. Ra7 Bb7 25. Rfa1 Rb8 26. Bf1 Rc6 27. Bd3 h6 28. R1a5 Rb6 29. Kf2 Ne7 30. Nxf6 {[#] And now Nd7 would win.} Nc6 31. Nd7 $1 {[%csl LRb6,LRb8]} Re8 32. Nxb6 cxb6 33. Ra1 Nxa7 34. Rxa7 Bxe4 (34... Rb8 $142 35. Ra4 Bc6) 35. Rxf7 $18 Bxd3 36. cxd3 {[%mdl 4096] Endgame KR-KR} Rc8 37. Rf6 Rc2+ 38. Kg3 Kg7 39. Rxd6 Rxb2 40. Rg6+ Kh7 41. Rxb6 Rd2 42. Kh4 (42. Rb7+ $142 Kg8 43. Kh4) 42... Rxd3 43. Rb7+ Kg8 44. Kh5 Rxh3+ 45. Kg6 {Precision: White = 78%, Black = 21%.} 1-0

[Event "GER Cup Teams 2019"]
[Site "Wolfhagen"]
[Date "2019.03.17"]
[Round "2.3"]
[White "Ponkratov, Pavel"]
[Black "Werner, Claus"]
[Result "1-0"]
[WhiteElo "2644"]
[BlackElo "2200"]
[Annotator "TA"]
[PlyCount "91"]
[EventDate "2019.03.16"]
[EventType "team-tourn"]
[EventCountry "GER"]
[SourceTitle "playchess.com"]
[Source "ChessBase"]
[SourceQuality "1"]
[WhiteTeam "Regensburg"]
[BlackTeam "Wolfhagen"]

{[%evp 21,91,42,68,56,75,74,76,63,75,84,112,93,110,110,110,74,60,47,45,43,38,23,38,43,70,23,31,31,36,38,39,33,38,43,42,35,33,3,10,10,6,6,10,12,27,28,74,20,26,18,18,18,23,0,0,0,0,0,0,0,0,0,12,0,0,0,211,192,150,180,298,247]} 1. d4 d5 2. c4 e6 3. Nf3 Nf6 4. g3 c5 5. cxd5 exd5 6. Bg2 Nc6 7. O-O Be7 8. dxc5 Bxc5 9. Qc2 Be7 10. Rd1 O-O 11. Nc3 Qa5 12. a3 {D30: Queen's Gambit Declined: Systems without Nc3} (12. Qb3 Rd8 13. Be3 Qb4 14. Nd4 Qxb3 15. axb3 Be6 16. Ncb5 Nxd4 17. Bxd4 a6 18. Nc3 Ne4 19. Bb6 Rd6 {½-½ (31) Pavlovic,M (2512)-Morovic Fernandez,I (2550) Moscow 2017}) 12... Rd8 13. Be3 Be6 14. b4 {White is better.} Qc7 15. Rac1 Rac8 16. Qb1 $146 ({Predecessor:} 16. Qb2 Qd7 17. Bd4 Ng4 18. e3 Nxd4 19. Nxd4 Bf6 {½-½ (68) Hein,A (2236)-Fischer,M (2163) Germany 2014}) 16... Qd7 {[#]} 17. Ng5 $1 g6 18. Nxe6 Qxe6 19. Bg5 d4 20. Bxf6 Bxf6 21. Ne4 Be7 22. Qb2 b6 23. h3 f5 24. Nd2 Bf6 25. Qb3 Qxb3 26. Nxb3 Ne7 27. Rxc8 Nxc8 28. a4 Nd6 29. Kf1 Ne4 30. Bxe4 fxe4 $11 {[%mdl 4096] Endgame KRB-KRN} 31. Nd2 Re8 32. b5 Kf7 33. Rc1 Re7 34. Rc4 (34. e3 $16) 34... e3 35. Nf3 Rd7 36. fxe3 dxe3 37. Kg2 Rd2 38. Rc7+ Ke6 39. Ng1 Rd7 40. Rxd7 Kxd7 {KB-KN} 41. Kf3 $1 Be5 $1 42. Kxe3 Bxg3 43. Nf3 Kd6 $2 (43... h5 $11 {and Black is okay.}) 44. Ng5 $18 {[#] Threatens to win with Ne4+.} Bh4 45. Nxh7 Kc5 (45... Be7 $142) 46. Nf8 {Accuracy: White = 69%, Black = 67%.} 1-0

[Event "GER Cup Teams 2019"]
[Site "Wolfhagen"]
[Date "2019.03.17"]
[Round "2.4"]
[White "Pohl-Kuemmel, Jens-Uwe"]
[Black "Kuzubov, Yuriy"]
[Result "0-1"]
[WhiteElo "2302"]
[BlackElo "2644"]
[Annotator "TA"]
[PlyCount "60"]
[EventDate "2019.03.16"]
[EventType "team-tourn"]
[EventCountry "GER"]
[SourceTitle "playchess.com"]
[Source "ChessBase"]
[SourceQuality "1"]
[WhiteTeam "Wolfhagen"]
[BlackTeam "Regensburg"]

{[%evp 9,60,25,33,-5,0,0,-1,0,3,6,8,3,12,8,10,10,29,0,16,0,0,-31,-20,-25,17,-62,-48,-56,-54,-93,-84,-80,-81,-109,-112,-111,-108,-129,-127,-187,-171,-257,-277,-277,-247,-276,-274,-1057,-1076,-979,-976,-5311,-5252]} 1. d4 Nf6 2. Nf3 c5 3. e3 g6 4. Be2 Bg7 5. O-O b6 6. Nbd2 {A48: 1 d4 Nf6 2 Nf3 g6: Torre, London and Colle Systems} O-O 7. b3 cxd4 8. Nxd4 {The position is equal.} d5 9. Bb2 Bb7 10. c4 e5 $146 ({Predecessor:} 10... Nbd7 11. Rc1 Rc8 12. cxd5 Nxd5 13. Nc4 a6 14. Qd2 Nc5 15. Rfd1 e5 16. Nf3 e4 17. Bxg7 Kxg7 {1-0 (51) Najjar,A (2337)-Nataf,I (2565) Mallorca 2004}) 11. N4f3 e4 12. Nd4 Nbd7 {[%cal Bb8d7,Bd7c5,Bc5d3][%mdl 32]} 13. Rc1 Qe7 14. cxd5 Nxd5 15. Nc4 Nc5 16. a3 Rad8 17. Qc2 {[#]} (17. b4 $11) 17... Nf4 $1 $15 {[%mdl 512]} 18. exf4 {Black must now prevent Rcd1.} Bxd4 19. Rcd1 {[#]} Nd3 $1 {[%mdl 512]} 20. Bxd4 (20. Bxd3 exd3) 20... Rxd4 21. Bxd3 exd3 22. Qd2 Rfd8 23. Rde1 Qf6 24. g3 {[#]} (24. Re3 $17 {was worth a try.}) 24... g5 $1 $19 {[%cal Rg5f4][%mdl 512]} 25. Re3 (25. f5 $142) (25. fxg5 Qf3) 25... gxf4 ({Don't play} 25... Qc6 26. f3 $17) 26. gxf4 Rxf4 $40 {[%cal Bd4f4,Bf4f3,Bf3f6][%mdl 160] ( -> ...Rg4+). Black attacks with force.} 27. Rg3+ Kh8 28. Re1 $2 {[#]} (28. f3) 28... Qc6 $1 {[%csl Gb7][%cal Rc6h1][%mdl 512] Black is clearly winning.} 29. f3 Rxf3 30. Rg4 Rf6 {Accuracy: White = 35%, Black = 74%.} 0-1

[Event "GER Cup Teams 2019"]
[Site "Wolfhagen"]
[Date "2019.05.18"]
[Round "3"]
[White "Naiditsch, Arkadij"]
[Black "Leisner, Hannes"]
[Result "1/2-1/2"]
[WhiteElo "2682"]
[BlackElo "2281"]
[Annotator "TA"]
[PlyCount "68"]
[EventDate "2019.03.16"]
[EventType "team-tourn"]
[EventCountry "GER"]
[SourceTitle "playchess.com"]
[Source "ChessBase"]
[SourceQuality "1"]
[WhiteTeam "OSG Baden-Baden"]
[BlackTeam "Greifswalder SV"]

{[%evp 15,68,18,29,25,27,31,19,21,50,6,52,55,60,44,54,48,95,-8,26,20,39,7,10,0,0,-8,0,0,0,-78,-89,-93,-97,-141,-54,-51,-42,-115,-108,-164,-170,-226,-215,-234,-69,-64,0,0,0,0,0,0,0,0,0]} 1. e4 c5 2. Nf3 e6 3. d4 cxd4 4. Nxd4 a6 5. c4 Nf6 6. Nc3 Qc7 7. Be2 Bb4 8. Qd3 Nc6 9. Nxc6 {B41: Sicilian: Kan Variation: 5 c4} dxc6 10. a3 Be7 11. f4 Nd7 $146 ({Predecessor:} 11... e5 12. Qg3 g6 13. fxe5 Nd7 14. Bf4 g5 15. Be3 Nxe5 16. Bd4 f6 {1-0 (37) Popov,I (2650)-Smirin,I (2658) Minsk 2015}) 12. e5 f5 (12... b5 $5) 13. exf6 Nxf6 14. O-O Bd7 15. Be3 O-O 16. Bf3 ({White should play} 16. Bd4 $16) 16... Be8 17. Qe2 Bg6 18. Na4 Rae8 19. Rad1 Qa5 20. Nb6 Rd8 {Black wants to play ...c5.} 21. Qe1 Qf5 22. Qc3 (22. Qe2 $11 {remains equal.}) 22... Bh5 $17 23. Qe5 Bxf3 24. gxf3 Rxd1 ({Better is} 24... Qh3 $17 {aiming for ...Rxd1.} 25. Rd4 Rxd4 26. Bxd4 Nh5) 25. Rxd1 $15 Qh3 26. Re1 ({White should try} 26. Nd7 $15 Rf7 27. Qb8+ Bf8 28. Nxf8 (28. Ne5 $2 Ng4 $19 {[%mdl 64] Pin}) 28... Rxf8 29. Rd8 Rxd8 30. Qxd8+ Kf7 31. Qd1) 26... Kh8 $17 27. Rf1 (27. Bd4 $17) 27... h6 $19 28. b4 {[#]} (28. Qc3 $142) 28... Nh5 $1 29. Nd7 {[#]} Rd8 $2 (29... Ng3 $1 $19 {[%csl Gg3][%cal Rh3f1]} 30. Rf2 Rd8 31. hxg3 Rxd7) 30. Qc7 $15 {[#]} Ng3 $1 {[%mdl 512]} 31. hxg3 $11 {The position is equal.} Qxg3+ 32. Kh1 Qh3+ 33. Kg1 {next Bf2 is good for White.} Qg3+ 34. Kh1 Qh3+ {Accuracy: White = 45%, Black = 44%.} 1/2-1/2

[Event "GER Cup Teams 2019"]
[Site "Wolfhagen"]
[Date "2019.05.18"]
[Round "3"]
[White "Kuzubov, Yuriy"]
[Black "Meister, Jakob"]
[Result "1-0"]
[WhiteElo "2664"]
[BlackElo "2418"]
[Annotator "TA"]
[PlyCount "141"]
[EventDate "2019.03.16"]
[EventType "team-tourn"]
[EventCountry "GER"]
[SourceTitle "playchess.com"]
[Source "ChessBase"]
[SourceQuality "1"]
[WhiteTeam "Sfr. Bad Emstal / Wolfhagen"]
[BlackTeam "SK Zehlendorf"]

{[%evp 12,141,50,27,41,55,54,41,50,53,45,39,107,119,109,105,108,107,128,120,156,137,241,221,173,120,99,97,129,111,91,57,63,58,52,50,65,46,106,110,104,110,136,125,130,127,121,138,133,127,118,140,143,142,184,188,181,174,178,179,186,171,177,165,190,190,189,166,173,0,202,193,218,218,223,208,209,197,200,208,211,201,194,151,155,151,151,151,151,151,151,152,177,168,193,172,232,236,260,233,312,300,294,272,289,288,295,277,287,285,265,242,298,303,438,311,487,484,558,558,558,558,545,512,551,543,543,543,530,522,478,463]} 1. c4 e6 2. d4 d5 3. Nc3 Nf6 4. cxd5 exd5 5. Bg5 c6 6. e3 Qb6 7. Qd2 Ne4 {D35: Queen's Gambit Declined: Exchange Variation} 8. Nxe4 {Hoping for Nc3.} dxe4 9. Ne2 Be6 {White is slightly better.} 10. Nc3 Qa5 11. Bh4 (11. Nxe4 $2 Bb4 $19) 11... f5 $146 ({Black should try} 11... Bb4 $14) ({Predecessor:} 11... Bb4 12. a3 Bxc3 13. Qxc3 Qxc3+ 14. bxc3 Nd7 15. f3 exf3 16. gxf3 {1-0 (55) Khismatullin,D (2566)-Begun,S (2371) Minsk 2007}) 12. Nxe4 $16 Bb4 13. Nc3 Nd7 14. Be2 Nb6 15. O-O Nc4 16. Qc2 {aiming for Qb3.} Nxb2 (16... Bxc3 $16 {was necessary.} 17. bxc3 O-O) 17. d5 cxd5 18. Nb5 ({Inferior is} 18. Qxb2 Bxc3 19. Qxb7 (19. Bh5+ g6 $15) 19... O-O $11) ({Better is} 18. Nxd5 $18 Bxd5 19. Qxf5) 18... Nc4 19. Nd4 Bf7 20. a3 Bc5 21. Nb3 Qc7 22. Nxc5 Qxc5 23. Qxf5 {Black must now prevent Bxc4.} O-O 24. Bd3 {[%csl Gd3][%cal Rf5h7]} Bg6 (24... g6 $14 25. Qg5 Rac8) 25. Qe6+ Bf7 {[#]} 26. Qh3 $1 $40 {[%mdl 128] White has strong attack.} Bg6 27. Bxg6 hxg6 28. Qe6+ Rf7 29. Rfd1 Qc6 30. Qxd5 Qxd5 31. Rxd5 a6 32. a4 Re8 33. Bg3 Rf5 34. Rd7 Rf7 35. Rd4 Na5 {Threatening ...Nb3.} 36. Rb1 Nc6 37. Rc4 Rd7 38. h4 Red8 39. Rcc1 Re8 40. Rc4 Red8 41. Kh2 Re8 42. Bf4 Kf7 43. g4 Ree7 44. Bg5 Re5 45. Kg3 Red5 46. Bf4 Rd1 47. Rb6 Ra1 48. Rb2 Ra3 49. Kg2 Ra1 50. Bg3 Ra3 51. Rbc2 Rb3 52. Rf4+ Ke8 53. Rc5 Re7 (53... Rbd3 $142 54. Rg5 Ne7) 54. h5 $18 gxh5 55. Rxh5 ({But not} 55. gxh5 $6 Rf7 $16) 55... Rb2 56. Bh4 Rxe3 57. Rh8+ Kd7 58. Rf7+ Kd6 59. Rxg7 Re4 60. a5 Rb5 61. Bg3+ Kc5 62. g5 Kb4 (62... Kd4 {was called for.} 63. g6 Re7) 63. g6 Re6 (63... Kxa5 $142 64. Rh4 Re7 65. Rxe7 Nxe7) 64. Rh4+ {White is clearly winning.} Kxa5 65. Rg4 Ne7 66. Rxe7 {[%mdl 64] [#] Promotion} Rxe7 67. g7 Re8 {If only Black now had time for ...Rg8....} 68. Bc7+ b6 69. g8=Q Rxg8 70. Rxg8 Rc5 71. Bd8 {Accuracy: White = 86%, Black = 50%.} 1-0

[Event "GER Cup Teams 2019"]
[Site "Wolfhagen"]
[Date "2019.05.18"]
[Round "3"]
[White "Riazantsev, Alexander"]
[Black "Malek, Daniel"]
[Result "1-0"]
[WhiteElo "2653"]
[BlackElo "2366"]
[Annotator "TA"]
[PlyCount "77"]
[EventDate "2019.03.16"]
[EventType "team-tourn"]
[EventCountry "GER"]
[SourceTitle "playchess.com"]
[Source "ChessBase"]
[SourceQuality "1"]
[WhiteTeam "Sfr. Bad Emstal / Wolfhagen"]
[BlackTeam "SK Zehlendorf"]

{[%evp 9,77,-19,-15,-16,-12,-10,28,24,34,27,27,28,16,20,38,33,37,37,37,38,61,31,26,29,32,40,39,31,55,47,57,57,64,43,66,63,63,63,69,63,65,45,75,63,74,74,116,116,116,116,132,116,136,119,172,188,207,206,210,208,230,213,217,209,459,434,450,433,29983,29984]} 1. d4 Nf6 2. c4 e6 3. Nf3 d5 4. Bg5 Bb4+ 5. Nbd2 dxc4 6. e3 {D30: Queen's Gambit Declined: Systems without Nc3} (6. e4 Bxd2+ 7. Nxd2 Qxd4 8. Qc2 Nc6 9. Bxc4 h6 10. Be3 Qd6 11. Bb5 Bd7 12. O-O-O Nb4 13. Bxd7+ Nxd7 {½-½ (56) Mamedyarov,S (2817)-Harikrishna,P (2729) Kolkata 2018}) 6... b5 7. a3 Be7 $146 (7... Bxd2+ $5 8. Nxd2 Bb7 $11) ({Predecessor:} 7... Ba5 8. b4 Bb6 9. a4 c6 10. a5 Bc7 11. Ne4 Na6 12. Bxf6 gxf6 13. Qb1 f5 {0-1 (45) Khotenashvili,B (2493)-Ju,W (2568) China 2016}) 8. a4 {White has an edge.} c6 9. axb5 cxb5 10. Bxf6 Bxf6 11. b3 cxb3 12. Bxb5+ Bd7 13. Qxb3 O-O 14. O-O Qb6 15. Rfb1 Bxb5 16. Qxb5 Qxb5 17. Rxb5 Nc6 18. g4 h6 19. Rc5 Rfc8 20. Ra6 Ne7 $1 21. Rca5 Rc7 22. Ne4 $36 {[%mdl 2048] White has good play.} Nd5 23. Nxf6+ gxf6 24. Ra1 Kg7 25. h4 Kf8 26. R6a5 Ke7 27. Kg2 Rd7 28. Nd2 Rb7 29. Ne4 Rc7 30. Kf3 Rb7 31. Ng3 Rc7 {[#]} (31... Nc7 $16 32. Ne4 Nd5) 32. Nf5+ $1 $18 {[%mdl 576] Deflection} exf5 33. Rxd5 fxg4+ 34. Kxg4 {KRR-KRR} Rg8+ 35. Kh5 Rg2 36. Rf5 ({Avoid the trap} 36. Kxh6 $2 Rc8 $19) 36... Rc2 $2 {[#]} (36... Rd7 {is a better defense.} 37. Ra6 (37. Kxh6 $2 Rd8 $19) 37... Rg6) 37. Rxa7+ Ke6 38. e4 Rcxf2 (38... Rgxf2 $18 39. Rfa5 (39. Kxh6 Rxf5 40. Ra6+ Ke7 $16) 39... Kd6 40. Rxf7 Ke6) 39. Rfa5 {Accuracy: White = 80%, Black = 35%.} 1-0

[Event "GER Cup Teams 2019"]
[Site "Wolfhagen"]
[Date "2019.05.18"]
[Round "3"]
[White "Gustafsson, Jan"]
[Black "Kuersten, Ruediger"]
[Result "1-0"]
[WhiteElo "2639"]
[BlackElo "2180"]
[Annotator "TA"]
[PlyCount "47"]
[EventDate "2019.03.16"]
[EventType "team-tourn"]
[EventCountry "GER"]
[SourceTitle "playchess.com"]
[Source "ChessBase"]
[SourceQuality "1"]
[WhiteTeam "OSG Baden-Baden"]
[BlackTeam "Greifswalder SV"]

{[%evp 9,47,15,31,28,33,39,58,48,91,67,130,131,125,112,158,141,163,158,153,142,267,196,343,333,328,303,297,297,290,298,459,461,29987,29988,29988,29989,29989,29990,29990,29991]} 1. c4 c6 2. Nf3 d5 3. e3 Nf6 4. Nc3 a6 5. Qc2 (5. h3 e6 6. b3 c5 7. cxd5 exd5 8. Bb2 Nc6 9. d4 Be6 10. dxc5 Bxc5 11. Bd3 O-O 12. O-O Qe7 {0-1 (63) Artemiev,V (2709)-Laznicka,V (2675) Skopje 2018}) 5... b5 6. b3 {A11: English Opening: 1...c6} g6 7. Bb2 Bg7 8. cxd5 {White is slightly better.} b4 9. Ne4 Qxd5 (9... cxd5 $14 10. Nxf6+ exf6) 10. Nxf6+ $146 ({Predecessor:} 10. Neg5 e6 11. Bc4 Qd8 12. a3 O-O 13. axb4 {1-0 (51) Belous,V (2426)-Ali Marandi,C (1990) Akhisar Manisa 2009}) 10... exf6 11. a3 bxa3 12. Bxa3 Be6 13. Bc4 Qd7 14. O-O f5 (14... Bf8 $16 {was worth a try.} 15. Qc3 Qd8) 15. d4 f6 (15... Bd5 $142 16. Rfc1 f6) 16. e4 $18 Bxc4 17. bxc4 ({Not} 17. Qxc4 fxe4 18. Rfe1 f5 $16) 17... fxe4 18. Qxe4+ Kf7 19. Rfe1 {[#] Black must now prevent Qf4.} Ra7 (19... Re8 $142) 20. Rab1 Qf5 (20... Rc8 $18 21. Bc5 Rac7) 21. Qe7+ {White mates.} Rxe7 22. Rxe7+ Kg8 23. Rxb8+ Bf8 24. Reb7 {Accuracy: White = 95%, Black = 36%.} 1-0

[Event "GER Cup Teams 2019"]
[Site "Wolfhagen"]
[Date "2019.05.18"]
[Round "3"]
[White "Lagunow, Raphael"]
[Black "Ponkratov, Pavel"]
[Result "1/2-1/2"]
[WhiteElo "2420"]
[BlackElo "2640"]
[Annotator "TA"]
[PlyCount "127"]
[EventDate "2019.03.16"]
[EventType "team-tourn"]
[EventCountry "GER"]
[SourceTitle "playchess.com"]
[Source "ChessBase"]
[SourceQuality "1"]
[WhiteTeam "SK Zehlendorf"]
[BlackTeam "Sfr. Bad Emstal / Wolfhagen"]

{[%evp 10,127,14,16,22,26,24,10,22,22,21,10,0,-22,22,15,16,27,27,13,24,14,16,0,0,0,0,0,0,0,0,3,8,5,12,9,8,10,12,0,0,0,0,0,0,0,0,0,0,-74,-74,-74,-74,-74,-74,-74,-74,-74,-74,-74,-74,-74,-47,-74,-47,-74,-74,-74,-47,-74,-74,-74,-47,-74,-39,-39,-39,-60,-53,-68,-20,-27,-20,-80,0,-41,-6,-12,0,-80,-80,-80,-80,-80,-79,-79,-79,-79,-19,-19,0,-19,-19,-19,0,0,0,0,0,0,0,0,0,0,0,0,0,0,0,0]} 1. e4 e6 2. d4 d5 3. Nd2 c5 4. exd5 Qxd5 5. Ngf3 cxd4 6. Bc4 Qd7 {C07: French Tarrasch: 3...c5, 4 Ngf3 and 4 exd5 Qxd5} (6... Qd6 7. O-O Nf6 8. Nb3 Nc6 9. Nbxd4 Nxd4 10. Nxd4 a6 11. Re1 Qc7 12. Bf1 Be7 13. Qf3 O-O 14. Bf4 Bd6 15. Bxd6 Qxd6 16. Rad1 Qc7 17. c4 Rb8 18. Qg3 Qxg3 19. hxg3 Bd7 {½-½ (61) Karjakin,S (2773)-Duda,J (2737) chess.com INT 2018}) 7. O-O Nc6 8. Nb3 {[%cal Rb3d4]} a6 $146 ({Predecessor:} 8... Nf6 9. Qe2 a6 {½-½ (62) Lagunow,R (2413)-Meier,G (2623) chess.com INT 2019}) 9. a4 Nf6 10. Qe2 Qc7 11. Rd1 Bd7 12. Nbxd4 Bc5 13. Be3 Nxd4 14. Bxd4 Bxd4 15. Rxd4 O-O 16. Ne5 Rfd8 17. Nxd7 Rxd7 18. Rxd7 Nxd7 19. Rd1 Nc5 20. b3 g6 21. g3 a5 22. Qe3 Rc8 23. Rd4 b6 24. Rh4 Rd8 25. Rd4 Rd6 26. Qe5 Rd7 27. Qxc7 Rxc7 $11 {[%mdl 4096] Endgame KRB-KRN} 28. Rd6 Nxa4 29. Bd3 (29. Bxe6 $11 Nc3 30. Bc4) 29... Nc5 $17 30. Rxb6 Nxd3 31. cxd3 {KR-KR} Rd7 32. Rb5 Rxd3 33. Rxa5 Rxb3 34. h4 Kg7 35. Kg2 Rd3 36. Ra7 Kf6 37. Kf1 Rd8 38. Ke2 Re8 39. Ke3 Re7 40. Ra5 Rb7 41. Kf3 e5 42. Ra6+ Kg7 43. Ra5 f6 44. Ke3 Kh6 45. g4 Rb3+ 46. Ke2 (46. Ke4 $11) 46... Rb4 (46... Rh3 $17 47. g5+ {[%mdl 64] Decoy} fxg5 48. hxg5+ Kxg5 49. Rxe5+ Kf4) 47. f3 Rb2+ 48. Ke3 Rh2 49. g5+ (49. Ra6 $11 {remains equal.}) 49... fxg5 50. hxg5+ Kxg5 {Strongly threatening ...Kf5.} 51. Rxe5+ Kh4 52. f4 Rh3+ 53. Ke4 {[#]} Rh1 (53... Rg3 $1 $17) 54. Rg5 $11 {The position is equal.} Kh3 55. Kf3 Rf1+ 56. Ke4 Rf2 57. Rg1 Kh4 58. Rh1+ Kg3 59. Rg1+ $1 Kh2 60. Rg5 Ra2 61. f5 Ra6 (61... Ra5 $5) 62. fxg6 hxg6 63. Kf4 Rf6+ 64. Ke5 {Accuracy: White = 59%, Black = 47%.} 1/2-1/2